| 000 | 00454 a2200157 4500 | ||
|---|---|---|---|
| 003 | OSt | ||
| 005 | 20180116182710.0 | ||
| 008 | 160518b xxu||||| |||| 00| 0 eng d | ||
| 040 | _c0 | ||
| 082 | _a634.9095491 | ||
| 100 | _aMahmood Iqbal Sheikh | ||
| 245 |
_aFroest and Forestry in Pakistan _cMahmood Iqbal Sheikh _hS. Muhammad Hafeez |
||
| 260 |
_aLahore, Pakistan. _bA- One Publishers _c1997. |
||
| 300 | _a259 | ||
| 942 |
_aNBS _cBK _k634.9095491 SHE _2ddc |
||
| 999 |
_c344328 _d344328 |
||